000
00212nam a2200085Ia 4500
008
170524s9999 xx 000 0 und d
100
_a
Chatterjee Bhaskar
245
0
_a
Organizational Behavier
260
_b
Sterling publication
260
_c
2003
999
_c
6596
_d
6596